Zahraničný kapitál v ekonomike Slovenskej republiky rok 1992

Guardado en:
Detalles Bibliográficos
Formato: Libro
Lenguaje:eslovaco
Publicado: Bratislava Štatistický úrad SR 1993
Materias:
Etiquetas: Agregar Etiqueta
Sin Etiquetas, Sea el primero en etiquetar este registro!

MARC

LEADER 00000nam a2200000 4500
001 c003614
005 20260220090744.5
041 0 |a slo 
044 |a SK 
245 1 0 |a Zahraničný kapitál v ekonomike Slovenskej republiky rok 1992 
264 1 |a Bratislava  |b Štatistický úrad SR  |c 1993 
300 |a 15 S. 
610 2 0 |a Slovensko 
610 2 0 |a kapitál zahraničný 
610 2 0 |a hospodárstvo národné